[Event "COL-ch"]
[Site "Bogota"]
[Date "2018.11.12"]
[Round "9"]
[White "Olarte Parra, Jhoan Sebastian"]
[Black "Gutierrez, Ramon"]
[Result "1-0"]
[WhiteElo "1986"]
[BlackElo "2126"]
[PlyCount "95"]
[EventDate "2018.11.06"]
[EventType "swiss"]
[EventRounds "9"]
[EventCountry "COL"]
[SourceTitle "CBM 187 Extra"]
[Source "ChessBase"]
[SourceDate "2018.11.04"]
[SourceVersion "1"]
[SourceVersionDate "2018.11.04"]
[SourceQuality "1"]

1. Nf3 b6 2. g3 Bb7 3. Bg2 Nf6 4. d4 e6 5. 0-0 Be7 6. c4 0-0 7. a3 c5 8. d5 exd5 9. Nh4 Ne4 10. cxd5 Nd6 11. Bf4 Re8 12. Nc3 Na6 13. e4 Bf8 14. Qg4 g6 15. Rfe1 h5 16. Qd1 Nc4 17. Qd3 Na5 18. Nf3 c4 19. Qc2 Nc5 20. Rad1 Nd3 21. Rxd3 cxd3 22. Qxd3 Rc8 23. e5 Nc4 24. Qc2 Bg7 25. h4 a6 26. Qb3 b5 27. a4 Qb6 28. axb5 axb5 29. Qxb5 Qxb5 30. Nxb5 Ba6 31. Nbd4 Nxb2 32. Bh3 Nd3 33. Ra1 Bb7 34. Bxd7 Bxd5 35. Bxc8 Rxc8 36. Rd1 Be4 37. Ng5 Bf5 38. Nxf5 Rd8 39. Nxg7 Kxg7 40. e6 f6 41. e7 Re8 42. Rxd3 Rxe7 43. Nf3 Kf7 44. Rd6 Rb7 45. Be3 Ke7 46. Ra6 Rb1+ 47. Kg2 Rd1 48. Bd4 1-0

[Event "COL-ch Amateur U2300"]
[Site "Bogota"]
[Date "2017.03.03"]
[Round "3"]
[White "Salcedo, Jackeline"]
[Black "Gutierrez, Ramon"]
[Result "0-1"]
[WhiteElo "2017"]
[BlackElo "2129"]
[PlyCount "99"]
[EventDate "2017.03.02"]
[EventType "swiss"]
[EventRounds "7"]
[EventCountry "COL"]
[SourceTitle "CBM 177 Extra"]
[Source "ChessBase"]
[SourceDate "2017.04.27"]
[SourceVersion "1"]
[SourceVersionDate "2017.04.27"]
[SourceQuality "1"]

1. c4 e5 2. Nc3 Nc6 3. g3 Nf6 4. Bg2 Bc5 5. e3 d6 6. Nge2 0-0 7. 0-0 Bf5 8. a3 Bd3 9. b3 Qd7 10. Bb2 a5 11. Rc1 Qf5 12. Nd5 Nxd5 13. Bxd5 Ne7 14. Bg2 c6 15. f4 Qe6 16. Rc3 Bf5 17. d4 Ba7 18. Kh1 Bg4 19. Bf3 Rad8 20. Bxg4 Qxg4 21. Rd3 e4 22. Rc3 d5 23. c5 f5 24. Ng1 Qg6 25. Kg2 Rf6 26. Nh3 h6 27. Nf2 Qf7 28. h4 Kh8 29. Rh1 Bb8 30. b4 axb4 31. axb4 Qe6 32. Qe2 Nc8 33. b5 Na7 34. b6 Nc8 35. Rcc1 Ne7 36. Rh3 Qf7 37. g4 fxg4 38. Nxg4 Re6 39. h5 Nf5 40. Rf1 Rf8 41. Bc3 Ree8 42. Be1 Qe6 43. Bg3 Rf7 44. Ra1 Ref8 45. Rhh1 g5 46. hxg6 Qxg6 47. Bh4 Qxg4+ 48. Kf2 Nxe3 49. Qxe3 Bxf4 50. Ke1 0-1

[Event "COL pre olympic sf"]
[Site "Bogota"]
[Date "2016.05.25"]
[Round "1"]
[White "Rodriguez, German Enrique"]
[Black "Gutierrez, Ramon"]
[Result "1-0"]
[WhiteElo "2020"]
[BlackElo "2146"]
[PlyCount "45"]
[EventDate "2016.05.25"]
[EventType "swiss"]
[EventRounds "9"]
[EventCountry "COL"]
[SourceTitle "CBM 172 Extra"]
[Source "ChessBase"]
[SourceDate "2016.06.21"]
[SourceVersion "1"]
[SourceVersionDate "2016.06.21"]
[SourceQuality "1"]

1. Nf3 Nf6 2. c4 b6 3. g3 Bb7 4. Bg2 g6 5. 0-0 Bg7 6. d4 0-0 7. Nc3 a5 8. Re1 d6 9. e4 Nfd7 10. a4 Na6 11. Be3 e5 12. Qd2 Qe7 13. Nd5 Qe8 14. Rad1 Rd8 15. Bh6 c6 16. Bxg7 Kxg7 17. Ne3 Qe7 18. h3 f6 19. Nh4 f5 20. Nexf5+ gxf5 21. Nxf5+ Kh8 22. Qh6 Rg8 23. d5 1-0

[Event "Bogota Navidad op"]
[Site "Bogota"]
[Date "2014.12.08"]
[Round "9"]
[White "Gutierrez, Ramon"]
[Black "Valle, Efrain"]
[Result "1-0"]
[WhiteElo "2136"]
[BlackElo "2196"]
[PlyCount "71"]
[EventDate "2014.12.04"]
[EventType "swiss"]
[EventRounds "9"]
[EventCountry "COL"]
[SourceTitle "CBM 163 Extra"]
[Source "ChessBase"]
[SourceDate "2014.12.23"]
[SourceVersion "1"]
[SourceVersionDate "2014.12.23"]
[SourceQuality "1"]

1. e4 Nc6 2. d4 d5 3. exd5 Qxd5 4. Be3 Nf6 5. c4 Qd6 6. Nc3 Bf5 7. c5 Qd7 8. Bb5 Nd5 9. Qf3 e6 10. Nge2 Be7 11. 0-0 0-0 12. Rfe1 Bf6 13. Ng3 Bg6 14. Nge4 Be7 15. Rad1 Rad8 16. Bg5 a6 17. Ba4 Nxc3 18. Bxe7 Qxe7 19. bxc3 Na5 20. g3 b5 21. Bc2 Qd7 22. h4 h6 23. Rd2 Nc4 24. Rde2 Bxe4 25. Qxe4 g6 26. h5 Qd5 27. hxg6 Qxe4 28. gxf7+ Kxf7 29. Rxe4 Nd2 30. R4e3 Rfe8 31. R1e2 Nc4 32. Rf3+ Kg7 33. Re4 Rd5 34. Ref4 Re7 35. Bb3 e5 36. Rg4+ 1-0

[Event "COL-ch"]
[Site "Ibague"]
[Date "2013.07.07"]
[Round "11"]
[White "Gutierrez, Ramon"]
[Black "Restrepo, Jose Daniel"]
[Result "0-1"]
[WhiteElo "2207"]
[BlackElo "1944"]
[PlyCount "80"]
[EventDate "2013.07.01"]
[EventType "swiss"]
[EventRounds "11"]
[EventCountry "COL"]
[SourceTitle "EXT 2014"]
[Source "ChessBase"]
[SourceDate "2013.11.20"]
[SourceVersion "1"]
[SourceVersionDate "2013.11.20"]
[SourceQuality "1"]

1. e4 e5 2. Nf3 Nc6 3. Bb5 a6 4. Ba4 Nf6 5. 0-0 Be7 6. d4 b5 7. Bb3 d6 8. c3 Bg4 9. dxe5 Nxe5 10. Nbd2 0-0 11. Qe2 c5 12. h3 Nxf3+ 13. Nxf3 Bh5 14. Qe3 Qc7 15. Bd2 Rfe8 16. Rae1 Bf8 17. Qf4 Rad8 18. Nh4 Qc6 19. g4 Bg6 20. Nxg6 hxg6 21. g5 c4 22. gxf6 cxb3 23. axb3 gxf6 24. Qxf6 Bg7 25. Qh4 Rd7 26. Bg5 Re5 27. Qg4 Rc7 28. Re3 Qd7 29. Qg3 Qe8 30. Rfe1 Re6 31. h4 Kh7 32. Kg2 Rd7 33. Qg4 f6 34. Bf4 Rde7 35. f3 Kg8 36. h5 g5 37. Bg3 d5 38. e5 fxe5 39. Qxg5 Kh7 40. Rh1 Qf7 0-1

[Event "COL-ch"]
[Site "Ibague"]
[Date "2013.07.06"]
[Round "10"]
[White "Salcedo Perez, Pablo Esteban"]
[Black "Gutierrez, Ramon"]
[Result "1-0"]
[WhiteElo "1869"]
[BlackElo "2207"]
[PlyCount "81"]
[EventDate "2013.07.01"]
[EventType "swiss"]
[EventRounds "11"]
[EventCountry "COL"]
[SourceTitle "EXT 2014"]
[Source "ChessBase"]
[SourceDate "2013.11.20"]
[SourceVersion "1"]
[SourceVersionDate "2013.11.20"]
[SourceQuality "1"]

1. d4 d5 2. c4 e6 3. Nc3 Nf6 4. Nf3 Be7 5. Bf4 0-0 6. e3 c5 7. dxc5 Na6 8. Be2 Nxc5 9. 0-0 b6 10. cxd5 exd5 11. Nd4 Bd6 12. Bxd6 Qxd6 13. Bf3 Ba6 14. Re1 Rac8 15. b4 Nce4 16. Bxe4 Rxc3 17. b5 dxe4 18. bxa6 Rd3 19. Qa4 Ng4 20. g3 Qh6 21. h4 Qf6 22. Re2 Rd8 23. Rc1 Ne5 24. Rec2 Ng4 25. Qc6 Qxc6 26. Rxc6 h5 27. R6c3 Rd2 28. R1c2 Rd1+ 29. Kg2 Ne5 30. Rc7 R8xd4 31. exd4 Nf3 32. Rc1 Rd2 33. Rxa7 Rxa2 34. Ra8+ Kh7 35. a7 g5 36. hxg5 Nxg5 37. Rcc8 e3 38. Rh8+ Kg6 39. Rag8+ Kf6 40. Rxg5 Rxa7 41. Re5 1-0

[Event "COL-ch"]
[Site "Ibague"]
[Date "2013.07.05"]
[Round "8"]
[White "Gutierrez, Ramon"]
[Black "Blandon, Luis Guillermo"]
[Result "0-1"]
[WhiteElo "2207"]
[BlackElo "1993"]
[PlyCount "36"]
[EventDate "2013.07.01"]
[EventType "swiss"]
[EventRounds "11"]
[EventCountry "COL"]
[SourceTitle "EXT 2014"]
[Source "ChessBase"]
[SourceDate "2013.11.20"]
[SourceVersion "1"]
[SourceVersionDate "2013.11.20"]
[SourceQuality "1"]

1. e4 c5 2. Nf3 d6 3. d4 cxd4 4. Nxd4 Nf6 5. Nc3 g6 6. f4 Nc6 7. Bb5 Bd7 8. Bxc6 Bxc6 9. Qd3 Bg7 10. Be3 Qa5 11. 0-0-0 0-0 12. h3 Rac8 13. Nb3 Qc7 14. Rhe1 b5 15. Re2 a6 16. Kb1 b4 17. Nd5 Nxd5 18. exd5 Bb5 0-1

[Event "COL-ch"]
[Site "Ibague"]
[Date "2013.07.05"]
[Round "7"]
[White "Panesso Rivera, Henry"]
[Black "Gutierrez, Ramon"]
[Result "1-0"]
[WhiteElo "2341"]
[BlackElo "2207"]
[PlyCount "51"]
[EventDate "2013.07.01"]
[EventType "swiss"]
[EventRounds "11"]
[EventCountry "COL"]
[SourceTitle "EXT 2014"]
[Source "ChessBase"]
[SourceDate "2013.11.20"]
[SourceVersion "1"]
[SourceVersionDate "2013.11.20"]
[SourceQuality "1"]

1. c4 Nf6 2. g3 e6 3. Bg2 Be7 4. Nf3 0-0 5. 0-0 d6 6. d4 Nbd7 7. b3 Re8 8. Bb2 c5 9. e3 Qc7 10. Nc3 a6 11. d5 Nf8 12. dxe6 fxe6 13. e4 e5 14. Nh4 Ne6 15. Nd5 Nxd5 16. exd5 Nd4 17. Qh5 Rf8 18. Be4 h6 19. Qg6 Bxh4 20. Qh7+ Kf7 21. Bg6+ Kf6 22. f4 Ne2+ 23. Kh1 Bh3 24. gxh4 Bxf1 25. fxe5+ Ke7 26. Qxg7+ 1-0

[Event "COL-ch"]
[Site "Ibague"]
[Date "2013.07.04"]
[Round "6"]
[White "Gutierrez, Ramon"]
[Black "Vasquez Garrido, Nuremberg Adin"]
[Result "1-0"]
[WhiteElo "2207"]
[BlackElo "2002"]
[PlyCount "61"]
[EventDate "2013.07.01"]
[EventType "swiss"]
[EventRounds "11"]
[EventCountry "COL"]
[SourceTitle "EXT 2014"]
[Source "ChessBase"]
[SourceDate "2013.11.20"]
[SourceVersion "1"]
[SourceVersionDate "2013.11.20"]
[SourceQuality "1"]

1. e4 c5 2. Nf3 d6 3. d4 cxd4 4. Nxd4 Nf6 5. Nc3 a6 6. Be2 e5 7. Nb3 Be7 8. 0-0 Be6 9. Bg5 Nbd7 10. Qd2 b5 11. Bd3 0-0 12. Kh1 d5 13. exd5 Nxd5 14. Bxe7 Nxe7 15. f4 exf4 16. Qxf4 Nf6 17. Nd4 Bc8 18. Rad1 Qb6 19. Qg3 Bb7 20. Qh3 Ng6 21. Nce2 Rae8 22. Nf5 Ne4 23. Ned4 Nc5 24. Qh5 Nxd3 25. Rxd3 Be4 26. Rh3 h6 27. Nxh6+ gxh6 28. Qxh6 Bxg2+ 29. Kxg2 Re2+ 30. Nxe2 Nf4+ 31. Qxf4 1-0

[Event "COL-ch"]
[Site "Ibague"]
[Date "2013.07.02"]
[Round "2"]
[White "Gutierrez, Ramon"]
[Black "Cardozo Munar, Carlos Eduardo"]
[Result "1-0"]
[WhiteElo "2207"]
[BlackElo "1990"]
[PlyCount "95"]
[EventDate "2013.07.01"]
[EventType "swiss"]
[EventRounds "11"]
[EventCountry "COL"]
[SourceTitle "EXT 2014"]
[Source "ChessBase"]
[SourceDate "2013.11.20"]
[SourceVersion "1"]
[SourceVersionDate "2013.11.20"]
[SourceQuality "1"]

1. e4 e6 2. d4 d5 3. Nc3 Bb4 4. e5 c5 5. a3 Bxc3+ 6. bxc3 Qc7 7. Nf3 Ne7 8. Bd3 Nbc6 9. 0-0 Bd7 10. a4 Qa5 11. Qe1 cxd4 12. cxd4 Qxe1 13. Rxe1 0-0 14. Ba3 Rfc8 15. a5 Nf5 16. Bc5 Nxa5 17. Rxa5 b6 18. Bxb6 axb6 19. Rxa8 Rxa8 20. Rb1 b5 21. Kf1 g6 22. Ke2 Ra4 23. c3 Ra3 24. Kd2 Ra2+ 25. Bc2 Ne7 26. Ne1 Nc8 27. Kc1 Nb6 28. Rb2 Ra8 29. Nd3 Nc4 30. Rb3 Ra2 31. Nb4 Ra8 32. Bd3 Kg7 33. Bxc4 bxc4 34. Rb2 Ra3 35. Kd2 Ra1 36. Ra2 Rg1 37. Ke3 Rxg2 38. Ra7 Be8 39. Na6 Rxh2 40. Nc7 Bd7 41. Nxd5 Rh3+ 42. f3 Bc6 43. Nc7 Rxf3+ 44. Ke2 Kh6 45. d5 Bxd5 46. Nxd5 Rf5 47. Ne3 Rxe5 48. Rxf7 1-0